Top 10 most searched 2011 Quiz Stats

Quiz not verified by Sporcle

Challenge
Share
Tweet
Embed
Score 0/60 Timer 10:00
0 Plays Today
topic % Correct
6.Lady Gaga
54.5%
3.Rihanna
40.9%
10.Rihanna
40.9%
3.David Beckham
36.4%
7.Wayne Rooney
36.4%
10.Katy Perry
31.8%
9.Kim Kardashian
27.3%
Top music artistCheryl Cole
22.7%
Top celebrityKatie Price
22.7%
2.Cheryl Cole
22.7%
Top sports starRyan Giggs
18.2%
3.Megan Fox
18.2%
2.Amy Winehouse
18.2%
7.Britney Spears
18.2%
2.The X Factor
18.2%
4.Andy Murray
18.2%
9.Lewis Hamilton
18.2%
10.Jenson Button
18.2%
Reality TV starTulisa Contostavlos
18.2%
3.Kate Middleton
18.2%
6.Amy Winehouse
18.2%
7.Ryan Giggs
18.2%
8.Victoria Beckham
18.2%
Top TV showEastenders
13.6%
2.Emma Watson
13.6%
4.Angelina Jolie
13.6%
8.Robert Pattinson
13.6%
4.Adele
13.6%
5.Beyonce
13.6%
3.Big Brother
13.6%
topic % Correct
5.Doctor Who
13.6%
6.Serena Williams
13.6%
4.Kelly Rowland
13.6%
5.Pippa Middleton
13.6%
Top movie starJennifer Aniston
9.1%
9.Take That
9.1%
4.This Morning
9.1%
7.Janet Devlin
9.1%
5.Jessica Alba
4.5%
6.Lindsay Lohan
4.5%
7.Scarlett Johansson
4.5%
9.Jessica Biel
4.5%
6.Ben 10
4.5%
8.Coronation Street
4.5%
9.Daybreak
4.5%
5.Maria Sharapova
4.5%
3.Amy Childs
4.5%
4.Imogen Thomas
4.5%
10.Natalie Portman
0%
8.Cher Lloyd
0%
7.Strictly Come Dancing
0%
10.Hollyoaks
0%
2.Marco Simoncelli
0%
8.David Haye
0%
6.Chloe Madeley
0%
2.Holly Valance
0%
5.Kitty Brucknell
0%
8.Tara Reid
0%
9.Lulu
0%
10.Frankie Cocozza
0%

You're not logged in!

Compare scores with friends on all Sporcle quizzes.
Join for Free
OR
Log In

You Might Also Like...

Show Comments

Extras

Top Quizzes Today


Score Distribution

Your Account Isn't Verified!

In order to create a playlist on Sporcle, you need to verify the email address you used during registration. Go to your Sporcle Settings to finish the process.

Report this User

Report this user for behavior that violates our Community Guidelines.

Details: